| 000 | 01055cam a2200229 4500 | ||
|---|---|---|---|
| 001 | WB3941-08 | ||
| 008 | 031030n2003 000 0 eng u | ||
| 035 | _a(Sirsi) u124184 | ||
| 245 | _aMillions suffer noisy neighbours | ||
| 260 | _c2003 | ||
| 490 |
_aDEFRA News Release _v 29 October 2003 (2) |
||
| 520 | _aAlmost one in three Britons say noisy neighbours are a problem, according to new government research. One in seven people (14%) in high-density urban areas say noisy neighbours affect their quality of life. "Neighbour noise - public opinion research to assess its nature, extent and significance" is available at http://www.defra.gov.uk/environment/noise/research.htm. DEFRA News Release http://www.gnn.gov.uk/gnn/national.nsf/Daily+News/B7DF5F29F27AD85C80256DCE003E90CB?opendocument. | ||
| 590 | _aWB | ||
| 650 | _aDEFRA | ||
| 650 | _aNOISY NEIGHBOURS | ||
| 650 | _aANTI-SOCIAL BEHAVIOUR | ||
| 650 | _aSURVEYS | ||
| 650 | _aURBAN AREAS | ||
| 650 | _aNOISE POLLUTION | ||
| 690 | _aENVIRONMENTAL AND LAND CONSULTANCY | ||
| 942 | _n0 | ||
| 999 |
_c73717 _d73717 |
||